000 00803nam a2200241Ia 4500
003 OSt
005 20220926015923.0
006 a|||||r|||| 00| 0
007 ta
008 220923b |||||||| |||| 00| 0 eng d
037 _cGeneral Book
040 _aRTL
_cRTL
_beng
041 _2eng
_aeng
082 _aX:89K33.73.N7, L6
100 _aAppe Lbaum Richard P etc
_9323329
245 0 _aEffects of urban growth
_b A population impcat analy
260 _aNew York
_bPraeger USA
_c1976
300 _axx, 330p. Bibliography P 319-30, Appendix P 304-18
_ccm.
490 _aPraeger special studies inUS econimic, social and political issues
650 _aRegional Economics
942 _hX:89K33.73.N7, L6
_cGB
_2CC
999 _c632791
_d632791